000
00217nam a22000857a 4500
008
160706b xxu||||| |||| 00| 0 eng d
100
_9
2305
_a
Arya Book Depot
245
_a
The Quiz Master
260
_a
New Delhi
_b
Arya
_c
2003
999
_c
1985
_d
1985